Malé a stredné podniky - Európska únia, Slovenská republika, okres Komárno

Podstata podniku. Kategorizácia MSP v EÚ. Význam MSP pre rozvoj ekonomiky štátu. Výhody, nevýhody, bariéry podnikania v MSP. MSP v EÚ a v SR. Podiel MSP na zamestnanosti. Situácia MSP nefinančného sektora v Komárňanskom okrese.

Na minha lista:
Detalhes bibliográficos
Autor principal: Dobai Korcsmáros, Enikő
Formato: Capítulo de Livro
Idioma:eslovaco
Assuntos:
Tags: Adicionar Tag
Sem tags, seja o primeiro a adicionar uma tag!

MARC

LEADER 00000nla a2200000 4500
001 0178870
005 20240502073034.9
041 0 |a slo 
044 |a SK 
245 1 0 |a Malé a stredné podniky - Európska únia, Slovenská republika, okres Komárno  |c Enikő Dobai Korcsmáros 
520 |a Podstata podniku. Kategorizácia MSP v EÚ. Význam MSP pre rozvoj ekonomiky štátu. Výhody, nevýhody, bariéry podnikania v MSP. MSP v EÚ a v SR. Podiel MSP na zamestnanosti. Situácia MSP nefinančného sektora v Komárňanskom okrese. 
610 2 0 |a štát 
610 2 0 |a rozvoj hospodársky 
610 2 0 |a podnik malý 
610 2 0 |a podnik stredný 
610 2 0 |a veľkosť podnikov 
610 2 0 |a zamestnanosť 
610 2 0 |a okresy 
610 2 0 |a Slovensko 
100 1 |a Dobai Korcsmáros, Enikő